000 00291nam a2200121Ia 4500
008 240731s9999 xx 000 0 und d
022 _a2152-405X
245 4 _aThe Social Studies
260 _bRoutledge
856 _uhttps://www.tandfonline.com/loi/vtss20
942 _2ddc
942 _cTFEJ
999 _c80115
_d80115
945 _a1
_bMadushi Gamage
_c1
_dMadushi Gamage